000 00503nam a2200193Ia 4500
005 20250326123925.0
008 250326s9999 xx 000 0 und d
037 _aTextbook
040 _aFMSL
_beng
_cFMSL
041 _aeng
_2eng
084 _aSNIobX:8 M5;14
_qFMSL
100 _aLuthans F
245 0 _aOrganizational behavior
_cLuthans F
250 _a4
260 _aNY
_bNY, McGraw-Hill
_c1985
300 _a687p
942 _cTB
_hSNIobX:8 M5;14
999 _c1271491
_d1271491